Statistiques concernant Sports Co: Les champions du Monde en titre

Cliquez ici pour prendre le quiz!

Statistiques générales

  • Ce quiz a été pris 209 fois
    (102 depuis la dernière actualisation)
  • Le résultat moyen est 6 sur 7

Statistiques - réponses

Réponse% Correct
Argentine
100%
Afrique du Sud
97%
Canada
91%
Espagne
87%
Danemark
81%
Italie
62%
Allemagne
53%

Distribution des résultats

Percentile par nombre de réponses

% des personnes avec chaque résultat

Votre développement - résultats

Vous n’avez pas pris ce quiz depuis la dernière actualisation